00638nam a2200193Ia 4500001001000000003000500010008004100015010001100056040000900067110008200076245011200158260002800270300001000298650003000308650002300338650002600361650003100387650002600418Para_8683CHAP220125s1989 xx 000 0 und d a207494 cCHAP aPrograma Regional para el Manejo y Control de la Abeja Africanizada. México aLas abejas africanas /c por Programa Regional para el Manejo y Control de la Abeja Africanizada. México  aMéxico, D.F. :b SARH a26 p. aAbejas x capacitación  aAbejas x control  aAbejas x genética  aAbejas x investigación  aAbejas x productores